<?xml version="1.0" encoding="UTF-8"?><?xml-stylesheet type="text/xsl" href="static/style.xsl"?><OAI-PMH xmlns="http://www.openarchives.org/OAI/2.0/" xmlns:xsi="http://www.w3.org/2001/XMLSchema-instance" xsi:schemaLocation="http://www.openarchives.org/OAI/2.0/ http://www.openarchives.org/OAI/2.0/OAI-PMH.xsd"><responseDate>2026-04-27T21:42:49Z</responseDate><request verb="GetRecord" identifier="oai:uvadoc.uva.es:10324/16607" metadataPrefix="marc">https://uvadoc.uva.es/oai/request</request><GetRecord><record><header><identifier>oai:uvadoc.uva.es:10324/16607</identifier><datestamp>2021-06-29T12:24:08Z</datestamp><setSpec>com_10324_38</setSpec><setSpec>col_10324_852</setSpec></header><metadata><record xmlns="http://www.loc.gov/MARC21/slim" xmlns:doc="http://www.lyncode.com/xoai" xmlns:xsi="http://www.w3.org/2001/XMLSchema-instance" xmlns:dcterms="http://purl.org/dc/terms/" xsi:schemaLocation="http://www.loc.gov/MARC21/slim http://www.loc.gov/standards/marcxml/schema/MARC21slim.xsd">
<leader>00925njm 22002777a 4500</leader>
<datafield tag="042" ind1=" " ind2=" ">
<subfield code="a">dc</subfield>
</datafield>
<datafield tag="720" ind1=" " ind2=" ">
<subfield code="a">Martín Martín, Jorge</subfield>
<subfield code="e">author</subfield>
</datafield>
<datafield tag="260" ind1=" " ind2=" ">
<subfield code="c">2016</subfield>
</datafield>
<datafield tag="520" ind1=" " ind2=" ">
<subfield code="a">El uso de las nuevas tecnologías (TIC) puede ser beneficioso tanto como recurso para el profesor como para la docencia de E. Física. Usar las TIC para enseñar determinados contenidos de E. Física es una fuente de motivación para el alumnado, aunque estos aparentan estar algo escasos de ideas en este apartado. Ya que estos ven a las TIC como algo lúdico y no de uso educativo. Algunas de las estrategias fundadas en la búsqueda, resolución de problemas y el aprendizaje autónomo es lo que facilita y acerca las TIC al área de E. Física, pero por otra parte, es cierto que el objetivo final de E. Física es la práctica motriz. En la actualidad existe una socialización de la informática sin precedentes y como dijo Morante y Villa (2001) lo único que hay que hacer es producir un software de calidad con verdaderas propiedades educativas.</subfield>
</datafield>
<datafield tag="024" ind2=" " ind1="8">
<subfield code="a">http://uvadoc.uva.es/handle/10324/16607</subfield>
</datafield>
<datafield ind1=" " ind2=" " tag="653">
<subfield code="a">Educación física-Estudio y enseñanza (Primaria)</subfield>
</datafield>
<datafield ind1=" " ind2=" " tag="653">
<subfield code="a">Internet en educación</subfield>
</datafield>
<datafield ind1=" " ind2=" " tag="653">
<subfield code="a">Blogs</subfield>
</datafield>
<datafield tag="245" ind1="0" ind2="0">
<subfield code="a">Las TICs en la Educación Física</subfield>
</datafield>
</record></metadata></record></GetRecord></OAI-PMH>